| 000 | 01086nam a2200289Ia 4500 | ||
|---|---|---|---|
| 001 | ebr10053622 | ||
| 003 | CaPaEBR | ||
| 006 | m u | ||
| 007 | cr cn||||||||| | ||
| 008 | 991005s2004 mau s 001 0 eng d | ||
| 020 | _z159200153X | ||
| 040 |
_aCaPaEBR _cCaPaEBR |
||
| 035 | _a(OCoLC)70772019 | ||
| 050 | 1 | 4 |
_aQA76.73.P224 _bR88 2004eb |
| 082 | 0 | 4 |
_a005.2762 _222 |
| 100 | 1 | _aRutledge, Matt. | |
| 245 | 1 | 0 |
_aPHP game programming _h[electronic resource] / _cMatt Rutledge. |
| 260 |
_aBoston : _bCourse PTR, a division of Course Technology, _cc2004. |
||
| 300 | _axvi, 376 p. | ||
| 500 | _aIncludes index. | ||
| 533 |
_aElectronic reproduction. _bPalo Alto, Calif. : _cebrary, _d2009. _nAvailable via World Wide Web. _nAccess may be limited to ebrary affiliated libraries. |
||
| 650 | 0 |
_aComputer games _xProgramming. |
|
| 650 | 0 | _aPHP (Computer program language) | |
| 655 | 7 |
_aElectronic books. _2local |
|
| 710 | 2 | _aebrary, Inc. | |
| 856 | 4 | 0 |
_uhttp://site.ebrary.com/lib/rucke/Doc?id=10053622 _zAn electronic book accessible through the World Wide Web; click to view |
| 999 |
_c65744 _d65744 |
||